000
00329nam a22001337a 4500
999
_c
12283
_d
12283
020
_a
9781305965720
082
_a
515.35
100
_a
Dannis G.Zill
245
_a
A First Course in Differential Equations with Modeling Applications
250
_a
11th
260
_b
Cengage Learning
_c
2017
300
_a
480 pages.
942
_c
BK